000 00275nam a22001217a 4500
008 170906b xxu||||| |||| 00| 0 eng d
041 _aeng
080 _a72
100 _a41
101 _aARK
245 _aTHE EARLY ARCHITECTURE OF CHARLESTONE
_cSIMONS, A
942 _2udc
_cBK
999 _c26378
_d26378